Tự học kỹ năng quản lý trong 24 giờ

Guardat en:
Dades bibliogràfiques
Autor principal: Patricia Buhler
Format: Llibre
Idioma:Undetermined
Publicat: Thống Kê 2002
Matèries:
Etiquetes: Afegir etiqueta
Sense etiquetes, Sigues el primer a etiquetar aquest registre!
Thư viện lưu trữ: Trung tâm Học liệu Trường Đại học Cần Thơ
LEADER 00496nam a2200169Ia 4500
001 CTU_54823
008 210402s9999 xx 000 0 und d
020 |b 47000 
082 |a 658 
082 |b B932 
100 |a Patricia Buhler 
245 0 |a Tự học kỹ năng quản lý trong 24 giờ 
245 0 |c Patricia Buhler; Nhân Văn biên dịch 
260 |b Thống Kê 
260 |c 2002 
650 |a management science 
980 |a Trung tâm Học liệu Trường Đại học Cần Thơ